Interaktívne tutoriály v strojovom učení

Na minha lista:
Detalhes bibliográficos
Autor principal: Domian, Jakub (Author)
Outros Autores: Laurinec, Peter (Thesis advisor)
Formato: Manuscrito Livro
Idioma:eslovaco
Publicado em: 2018
Assuntos:
Acesso em linha:http://is.stuba.sk/zp/portal_zp.pl?podrobnosti=122764
Tags: Adicionar Tag
Sem tags, seja o primeiro a adicionar uma tag!

MARC

LEADER 00000ntm a22000003a 4500
001 stuzp70222
003 SK-STU
005 20190218165249.0
007 ta
008 150427s2015----xo-----f-mn---000-0-slo-d
040 |a STU  |b slo 
041 0 |a slo 
044 |a xo 
100 1 |a Domian, Jakub  |u 070200  |4 aut  |U FIIT Fakulta informatiky a informačných technológií  |T FIIT Ústav informatiky, informačných systémov a softvérového inžinierstva  |X 79502  |U I200  |Y 179  |7 79502 
242 0 1 |a Interactive tutorials in machine learning  |y eng 
245 1 0 |a Interaktívne tutoriály v strojovom učení 
260 |c 2018 
300 |a 40 s., príl., CD-rom 
650 4 |a rozhodovací strom  |2 slo 
650 4 |a regresia  |2 slo 
650 4 |a strojové učenie  |2 slo 
650 4 |a python  |2 slo 
650 4 |a jupyter notebook  |2 slo 
650 4 |a regression  |2 eng 
650 4 |a decision tree  |2 eng 
650 4 |a machine learning  |2 eng 
650 4 |a python  |2 eng 
650 4 |a jupyter notebook  |2 eng 
700 1 |a Laurinec, Peter  |u 070200  |k Z3  |4 ths  |U FIIT Fakulta informatiky a informačných technológií  |T FIIT Ústav informatiky, informačných systémov a softvérového inžinierstva  |X 77085  |U I200  |Y 179  |7 77085 
856 4 |u http://is.stuba.sk/zp/portal_zp.pl?podrobnosti=122764 
996 |b IZP20180067  |c I*BAP82/18  |l II680  |s P  |a 0  |w stuzp70222_0001